This or That: Harry Potter or Fantastic Beasts Quiz Stats

 Plays Quiz Updated Jul 12, 2019

Score 0/30 Timer 01:30
1 Play Today
Character Potter or Fantastic Beasts % Correct
Harry Potter???
80.4%
Remus Lupin???
80.3%
Severus Snape???
80%
Dolores Umbridge???
79.5%
Rubeus Hagrid???
78.5%
Alastor Moody???
78.2%
Horace Slughorn???
77.1%
Sybill Trelawney???
76.2%
Bellatrix Lestrange???
76.2%
Jacob Kowalski???
76.1%
Credence Barebone???
74.9%
Porpentina Goldstein???
73.3%
Seraphina Picquery???
72.9%
Kingsley Shacklebolt???
72.2%
Yusuf Kama???
71.2%
Character Potter or Fantastic Beasts % Correct
Gunnar Grimmson???
71%
Rudolph Spielman???
70.2%
Rufus Scrimgeour???
68.3%
Leta Lestrange???
67.3%
Vinda Rosier???
65.9%
Bathilda Bagshot???
65.6%
Albus Dumbledore???
61%
Torquil Travers???
60.7%
Newton Scamander???
59.4%
Aberforth Dumbledore???
59%
Pius Thicknesse???
55.9%
Abernathy???
55.7%
Gellert Grindelwald???
54.5%
Nagini???
49.6%
Minerva McGonagall???
29.8%

You're not logged in!

Compare scores with friends on all Sporcle quizzes.
OR
Log In

Sporcle TV

Today on Sporcle TV


Watch our educational content, quiz creation guides, and fun videos on Sporcle TV.

Show Comments

Extras

Top Quizzes Today


Score Distribution

Your Account Isn't Verified!

In order to create a playlist on Sporcle, you need to verify the email address you used during registration. Go to your Sporcle Settings to finish the process.

Report this User

Report this user for behavior that violates our Community Guidelines.

Details: